000 00695nas a2200241 4500
001 BR9101261
003 BR-BrBNA
005 20231205091956.0
007 ta
008 230509b bl.|||p| |||| 00| 00por d
040 _aBR-BrBNA
_bpor
_cBiblioteca Nacional de Agricultura
041 _a(Pt)
072 _aF62; P33
100 1 _aMielniczuk, J.
100 1 _aCarpenedo, V.
100 1 _aPedo, F.
245 1 _aDesenvolvimento de raizes em solos compactados
650 _aRAIZ
650 _aCOMPACTACAO DO SOLO
773 0 _tLavoura Arrozeira (Brazil)
_xISSN 0023-9143
_g(Mar-Apr 1985), v. 38(357) p. 42-43
_wBR9101261
909 _a202311
_bLúcia
_c55
_dLúcia Elande
942 _2AGRIS
_n0
_cANA
999 _c128485
_d128485